Movies Quiz

Random Movies or Oscar Quiz
Score 0/17 Timer 04:00
0 Plays Today
Movie Comedian % Correct
RayJamie Foxx
94.8%
Good Will HuntingRobin Williams
94.8%
Lost in TranslationBill Murray
92%
Annie HallWoody Allen
91.4%
FoxcatcherSteve Carell
86.2%
GhostWhoopi Goldberg
84.5%
DreamgirlsEddie Murphy
83.9%
The Great DictatorCharlie Chaplin
81.6%
Wolf of Wall StreetJonah Hill
80.5%
Movie Comedian % Correct
BridesmaidsMelissa McCarthy
77.6%
Dr. StrangelovePeter Sellers
74.1%
Driving Miss DaisyDan Aykroyd
63.8%
PreciousMo'Nique
59.8%
Broadcast NewsAlbert Brooks
47.7%
The Sunshine BoysGeorge Burns
45.4%
NashvilleLily Tomlin
37.4%
SayonaraRed Buttons
31%
Come Together.
Have Fun.
All Virtual.
We all need to come together. Play Sporcle's virtual live trivia to have fun, connect with people, and get your trivia on. Join a live hosted trivia game for your favorite pub trivia experience done virtually. If a virtual private party is more your thing, go here for details.

You're not logged in!

Compare scores with friends on all Sporcle quizzes.
OR
Log In

Sporcle TV

Today on Sporcle TV


Watch our educational content, quiz creation guides, and fun videos on Sporcle TV.

Show Comments

Extras

Created Jan 2, 2016ReportNominate
Tags:Oscar Quiz, Category, Comedian

Top Quizzes Today


Score Distribution

Paid Content

Your Account Isn't Verified!

In order to create a playlist on Sporcle, you need to verify the email address you used during registration. Go to your Sporcle Settings to finish the process.

Report this User

Report this user for behavior that violates our Community Guidelines.

Details: